| 000 | 01146nam a2200277 i 4500 | ||
|---|---|---|---|
| 001 | 19883 | ||
| 003 | ES-MaACL | ||
| 005 | 20251011063051.0 | ||
| 007 | t| | ||
| 008 | 021023s1863 sp |||| | spa d | ||
| 040 | _cES-MaACL | ||
| 100 | 1 |
_aAngulo y Heredia, Antonio, _d1837-1875 _921794 |
|
| 245 | 1 | 0 |
_aGoethe y Schiller, su vida, sus obras y su influencia en Alemania : _blecciones pronunciadas en el Ateneo de Madrid / _cpor Antonio Angulo y Heredia. |
| 260 |
_aMadrid : _b[s.n.], _c1863 _f(Imp. de Manuel Galiano) |
||
| 300 |
_a420 páginas ; _c21 cm. |
||
| 505 | 8 | _aContiene el texto de las 16 lecciones dadas en el Ateneo de Madrid en 1863 | |
| 530 | _aDisponible en formato digital | ||
| 600 | 1 | 4 |
_aGoethe, Johann Wolfgang von, _d1749-1832 _957568 |
| 600 | 1 | 4 |
_aSchiller, Friedrich, _d1759-1805 _9104361 |
| 610 | 2 | 4 |
_aAteneo de Madrid- _vConferencias- _yS.XIX. _91910 |
| 852 | 4 |
_aES-MaACL _cSPP3 _jG-9583 |
|
| 856 | 4 |
_uhttps://patrimoniodigital.ucm.es/s/patrimonio/item/587947 _yVersión en línea _z(Patrimonio Digital Complutense) |
|
| 942 |
_cMONANT _n0 |
||
| 999 |
_c19883 _d19883 |
||